| 000 | 00942nam a2200277Ia 4500 | ||
|---|---|---|---|
| 003 | GCL | ||
| 008 | 140319s9999 xx 000 0 ara d | ||
| 040 |
_aGCL / _cGCL |
||
| 082 | 0 | 4 |
_a737.4 _bح د |
| 100 | 1 | _aابوالحسن على بن يوسف الحكيم | |
| 245 | 1 | 0 |
_aالدوحة المشتبكة فى ضوابط دارالسكة / _cابوالحسن على بن يوسف الحكيم |
| 700 | 1 | _aحسين مؤنس | |
| 250 | _aالاولى | ||
| 260 |
_aاسبانيا : _bمعهد الدراسات الاسلامية ، _c1960 |
||
| 300 |
_a163 ص ؛ _c22 سم |
||
| 490 | _a | ||
| 650 | 0 | 4 | _aالنقود |
| 650 | 0 | 4 | _aسك النقود |
| 650 | 0 | 4 | _aالعملات الذهبية |
| 650 | 0 | 4 | _aالعملات الفضية |
| 650 | 0 | 4 | _aدور سك النقود |
| 650 | 0 | 4 | _aالنقود العربية |
| 650 | 0 | 4 | _aالنقود الورقية |
| 650 | 0 | 4 | _aالنقود الاسلامية |
| 942 |
_2ddc _cBK |
||
| 999 |
_c39622 _d39622 |
||